Представление документа в формате RUSMARC

ПолеНазваниеЗначение
  Тип записи a
  Библиографический уровень m
001 Контрольный номер RU\NLR\BIBL_A\011326952
005 Дата корректировки 20251110085427.5
010 Индекс ISBN __
a ISBN 978-5-17-100830-7
d Цена 463-74
021 № государственной регистрации __
b № документа 2017-3628
021 № государственной регистрации __
b № документа 2017-20815
100 Данные общей обработки __
a Данные общей обработки 19170215d20 |||y0rusy0189 ca
101 Язык документа 0_
a Язык текста rus
102 Страна публикации __
a Страна публикации RU
102 Страна публикации __
a Страна публикации RU
105 Кодированные данные (монография) __
a Кодированные данные (монография) a|||z|||000zy
200 Заглавие и сведения об ответственности 1_
a Заглавие Возвращение в жизнь
e Сведения, относящиеся к заглавию ломая стереотипы
f Первые сведения об ответственности Сергей Сергеевич Коновалов
210 Выходные данные 1_
a Место издания Москва
c Издательство Прайм
c Издательство АСТ
d Дата издания 2018
215 Физическое описание __
a Объем 369, [1] с., [12] л. цв. ил.
c Иллюстрации/тип воспроизводства ил.
225 Серия (Журнальная рубрика) 2_
a Серия (Журнальная рубрика) Информационная Медицина
300 Общие примечания __
a Общие примечания На 4-й с. обл. авт.: д-р Коновалов С.С., д.м.н., проф., д.чл. Междунар. акад. наук безопасности человека и природы
320 Библиография __
a Библиография Библиогр. в подстроч. примеч.
320 Библиография __
a Библиография Др. произведения авт.: с. 322-346 (150 назв.)
330 Аннотация __
a Аннотация Книга ломает сложившиеся стереотипы о неизбежности возрастных изменений, утрате физических сил и угасании интеллектуальных возможностей. Десятки тысяч пациентов-студентов Доктора уже доказали - Информационно-энергетическое Учение открывает возможность возвращения в жизнь для человека любого возраста - в жизнь активную, здоровую, полную новых знаний и свершений! Новейшие открытия Информационной Медицины и практические советы людям старшего возраста - это путь к счастливому долголетию.
333 Примечание о целевом назначении __
a Примечание о целевом назначении 12+
606 Тематические рубрики __
a Основная рубрика Здравоохранение. Медицинские науки
606 Тематические рубрики __
a Основная рубрика Народная медицина и отдельные системы лечения
610 Ключевые слова 0_
a Ключевые слова бессонница
a Ключевые слова долголетие
a Ключевые слова здоровый образ жизни
a Ключевые слова нарушения сна
a Ключевые слова нетрадиционная медицина
a Ключевые слова правильное питание
a Ключевые слова предотвращение старения
686 Индексы других классификаций __
2 Код системы rubbk
a Индекс ББК 53.59
700 Автор _1
a Фамилия Коновалов
b Имя С. С.
c Титул (звания) д-р мед. наук
f Даты 1954-
g Полное личное имя Сергей Сергеевич
801 Источник записи _0
a Страна RU
b Организация NLR
c Дата составления 20170215
g Правила каталогизации RCR
801 Источник записи _1
a Страна RU
b Организация NLR
c Дата составления 20170215
801 Источник записи _2
a Страна RU
b Организация NLR
c Дата составления 20170215
801 Источник записи _2
a Страна RU
b Организация Центральная районная библиотека им. Г. А. Пирожникова
c Дата составления 20170215
852 Данные о местонахождении __
j Шифр хранения 53.59
i Авторский знак К 64
b Сигла хранения ООЧ; 8; 12; 16; 29
901 Тип документа __
t Тип документа m
902 Роль лиц __
a Создатель БЗ ОКиО/Шумских
990 Данные о заказе (DOS) __
j Количество экземпляров (DOS) 5
h N записи в КСУ для Б/У (DOS) 2018-6